Sociología de la vejez
Պահպանված է:
| Հիմնական հեղինակ: | |
|---|---|
| Ձևաչափ: | Գիրք |
| Լեզու: | իսպաներեն |
| Հրապարակվել է: |
Barcelona
Oikos-Tau
1971
|
| Շարք: | Qué sé?, 47
|
| Խորագրեր: | |
| Ցուցիչներ: |
Ավելացրեք ցուցիչ
Չկան պիտակներ, Եղեք առաջինը, ով նշում է այս գրառումը!
|
MARC
| LEADER | 00000nam a2200000 a 4500 | ||
|---|---|---|---|
| 001 | UCW3185 | ||
| 003 | CL-VaPUC | ||
| 008 | 880506e19710000SP |||||||||||||||||spa|d | ||
| 082 | 0 | 4 | |a 362.6 |b PAI |2 21 |
| 100 | |a Paillat, Paul |e autor |9 307300 | ||
| 245 | 1 | 0 | |a Sociología de la vejez |
| 300 | |a 123 p | ||
| 942 | |c BK | ||
| 945 | |d 19880506 00:00:00 | ||
| 260 | |a Barcelona |b Oikos-Tau |c 1971 | ||
| 650 | 0 | |a Pensiones a la vejez |9 307301 | |
| 650 | 0 | |a Vejez |x Aspectos sociológicos |9 307302 | |
| 650 | 0 | |a Asistencia a la vejez |9 307303 | |
| 583 | |a last modification |c 19880506 00:00:00 |k Rodrigo Vera | ||
| 490 | 0 | |a Qué sé?, 47 | |
| 999 | |c 217326 |d 217324 | ||
| 952 | |0 0 |1 0 |4 0 |6 362_600000000000000_PAI_1971 |7 0 |8 P |9 204606 |a BIBEDU |b BIBEDU |c BIBEDU_PB |d 2019-11-15 |i 272376K |o 362.6 PAI 1971 |p 272376K |r 2024-01-25 |w 2019-11-15 |y BK |k EDU | ||